| Tag |
First Indicator |
Second Indicator |
Subfields |
| LEADER |
00000pam a2200000 a 4500 |
| 001 |
in00000091996 |
| 005 |
20151008064117.0 |
| 008 |
810813s1982 nyu b 00100 eng |
| 010 |
|
|
|a 81013620
|
| 020 |
|
|
|a 0312566077
|
| 035 |
|
|
|a (OCoLC)07731838
|
| 035 |
|
|
|9 AAK3548AM
|
| 039 |
0 |
|
|a 2
|b 3
|c 3
|d 3
|e 3
|
| 040 |
|
|
|a DLC
|c DLC
|d TXA
|d UtOrBLW
|
| 049 |
|
|
|a TXAM
|c [1442646]
|
| 050 |
0 |
0 |
|a HF1413
|b .N495 1982
|
| 082 |
0 |
|
|a 337/.09172/4
|2 19
|
| 245 |
0 |
4 |
|a The New Communist Third World :
|b an essay in political economy /
|c edited by Peter Wiles.
|
| 264 |
|
1 |
|a New York :
|b St. Martin's Press,
|c 1982.
|
| 300 |
|
|
|a 392 pages ;
|c 23 cm.
|
| 336 |
|
|
|a text
|b txt
|2 rdacontent
|
| 337 |
|
|
|a unmediated
|b n
|2 rdamedia
|
| 338 |
|
|
|a volume
|b nc
|2 rdacarrier
|
| 500 |
|
|
|a Includes index.
|
| 504 |
|
|
|a Bibliography: pages 378-386.
|
| 651 |
|
0 |
|a Developing countries
|x Commerce.
|
| 651 |
|
0 |
|a Communist countries
|x Commerce.
|
| 700 |
1 |
|
|a Wiles, Peter John de la Fosse.
|
| 999 |
|
|
|a MARS
|
| 999 |
f |
f |
|s 0e22368b-3375-3818-b675-27ecf84a7667
|i cb21a4e3-cbf3-334f-8f07-65c5f9102ab0
|t 0
|
| 952 |
f |
f |
|p ric
|a Texas A&M University
|b Rellis Campus
|c Joint Library Facility
|d Remote Storage
|t 0
|e HF1413 .N495 1982
|h Library of Congress classification
|i unmediated -- volume
|m A14806133646
|
| 998 |
f |
f |
|a HF1413 .N495 1982
|t 0
|l Remote Storage
|